000 00592nam a2200229Ia 4500
005 20260320201736.0
008 008 262003s9999 xx 000 0 eng d
037 _aEBOOK
040 _aCRL
040 _beng
040 _cCRL
041 _2eng
041 _aeng
084 _qCRL
100 _aKriz
_9881229
245 0 _aSupersingular p-adic L-functions, Maass-Shimura Operators and Waldspurger Formulas: (AMS-212)
260 _bIEEE
856 _uhttps://ieeexplore.ieee.org/servlet/opac?bknumber=9534889
942 _cEBOOK
999 _c1723260
_d1723260